หนังสือมนุษย์ เล่มที่ 10 เรื่อง เส้นทางสู่การเป็น "นักกฎหมายนิติบัญญัติ" / (ระเบียนเลขที่ 101519)
| 000 -LEADER | |
|---|---|
| fixed length control field | 00884ngm a2200205 4500 |
| 003 - CONTROL NUMBER IDENTIFIER | |
| control field | NALT |
| 005 - DATE AND TIME OF LATEST TRANSACTION | |
| control field | 20230509084520.0 |
| 006 - FIXED-LENGTH DATA ELEMENTS--ADDITIONAL MATERIAL CHARACTERISTICS | |
| fixed length control field | a|||||r|||| 00| 0 |
| 008 - FIXED-LENGTH DATA ELEMENTS--GENERAL INFORMATION | |
| fixed length control field | 230314b th ||||| |||| 00| 0 tha d |
| 040 ## - CATALOGING SOURCE | |
| Original cataloging agency | NALT |
| 100 0# - MAIN ENTRY--PERSONAL NAME | |
| 9 (RLIN) | 3658 |
| Personal name | ปิยะนาถ รอดมุ้ย |
| 245 10 - TITLE STATEMENT | |
| Title | หนังสือมนุษย์ เล่มที่ 10 เรื่อง เส้นทางสู่การเป็น "นักกฎหมายนิติบัญญัติ" / |
| Statement of responsibility, etc. | ปิยะนาถ รอดมุ้ย. |
| 306 ## - PLAYING TIME | |
| Playing time | 001104 |
| 650 #4 - SUBJECT ADDED ENTRY--TOPICAL TERM | |
| 9 (RLIN) | 60284 |
| Topical term or geographic name entry element | นักกฎหมายนิติบัญญัติ |
| 850 ## - HOLDING INSTITUTION | |
| Holding institution | NALT |
| 856 40 - ELECTRONIC LOCATION AND ACCESS | |
| Uniform Resource Identifier | <a href="https://library.parliament.go.th/th/taxonomy/term/436">https://library.parliament.go.th/th/taxonomy/term/436</a> |
| Link text | Video Clip |
| 856 40 - ELECTRONIC LOCATION AND ACCESS | |
| Uniform Resource Identifier | <a href="https://youtu.be/GFSgLLz_jUs">https://youtu.be/GFSgLLz_jUs</a> |
| Link text | View on YouTube |
| 942 ## - ADDED ENTRY ELEMENTS (KOHA) | |
| Source of classification or shelving scheme | Local Classification |
| Koha item type | Human Book |
| 996 ## - STAFF PROCESSING RECORDS (NALT) | |
| Staff name | jamriang.p |
| Staff type | CATSTF |
| Acquisition or Cataloging date | 2023-03-14 |
| 998 ## - STAFF NAME (NALT) | |
| -- | 1020 |
| -- | นางจำเรียง ระวังสำโรง |
| Withdrawn status | Lost status | Source of classification or shelving scheme | Damaged status | Not for loan | Collection code | Home library | Current library | Shelving location | Date acquired | Date last seen | Price effective from | Koha item type | Public note |
|---|---|---|---|---|---|---|---|---|---|---|---|---|---|
| Local Classification | Web Resources collection | National Assembly Library of Thailand | National Assembly Library of Thailand | Audio-Visual zone | 14/03/2023 | 14/03/2023 | 14/03/2023 | Human Book | Click 'Play media' to view |
